| 000 | 02132nam0a2200349 4500 | ||
|---|---|---|---|
| 001 | RU\NLR\bibl\1374550 | ||
| 005 | 20260409072406.0 | ||
| 021 |
_aRU _b2009-24266 _91437 |
||
| 035 | _a(nilc)RSL-KNO-004270961 | ||
| 035 | _a(NLR Aleph) 001366663 | ||
| 090 |
_a1015312 _c1015312 |
||
| 100 | _a20090331d2005 |||y0rusy50 ca | ||
| 101 | 0 | _arus | |
| 102 | _aRU | ||
| 105 | _aa ||||||||| | ||
| 200 | 1 |
_aСовременные проблемы науки и образования _eтезисы докладов XLIII внутривузовской научной конференции преподавателей МаГУ _fМ-во образования и науки Российской Федерации, ГОУ ВПО "Магнитогорский гос. ун-т", Лаб. науч.-методического обеспечения науч. части _g[отв. ред. д.филос.н., проф. В.Ф. Романов и др.] |
|
| 210 |
_aМагнитогорск _cИзд-во Магнитогорского государственного университета _d2005 |
||
| 215 |
_a344 с. _cил. _d20 |
||
| 320 | _aБиблиогр. в конце ст. и в тексте | ||
| 601 | 0 | 2 |
_aМагнитогорский государственный университет _jСборники _xНаучные конференции _92561176 _3RU\NLR\auth\661515037 |
| 606 |
_aОбразование _jТезисы докладов _91614809 _3RU\NLR\auth\661010307 |
||
| 686 |
_aЯ431(2Р36)31 _2rubbk |
||
| 686 | _aЧ34я431 | ||
| 686 | _aЯ431(2)31 | ||
| 702 | 1 |
_4340 _7ca _8rus _aРоманов _bВ. Ф. _cд-р филос. наук _f1940- _gВалентин Федорович _920399 _3RU\NLR\auth\7737410 |
|
| 711 | 0 | 2 |
_aМагнитогорский государственный университет _bВнутривузовская научная конференция преподавателей _d43 _f2004 _9764313 _3RU\NLR\AUTH\8810134119 |
| 801 | 0 |
_aRU _bРКП _c20090331 _grcr |
|
| 801 | 1 |
_aRU _bРГБ _c20090331 |
|
| 801 | 2 |
_aRU _bNLR _c20090529 _grcr |
|
| 942 | _cBOOK | ||
| 980 | _aNB | ||